Spirits rebellious : (Record no. 185043)
[ view plain ]
| 000 -LEADER | |
|---|---|
| fixed length control field | 00702 a2200217 4500 |
| 003 - CONTROL NUMBER IDENTIFIER | |
| control field | Nust |
| 005 - DATE AND TIME OF LATEST TRANSACTION | |
| control field | 20230125103808.0 |
| 010 ## - LIBRARY OF CONGRESS CONTROL NUMBER | |
| LC control number | 48007942 |
| 020 ## - INTERNATIONAL STANDARD BOOK NUMBER | |
| International Standard Book Number | 0806503645 |
| 040 ## - CATALOGING SOURCE | |
| Transcribing agency | Nust |
| 082 ## - DEWEY DECIMAL CLASSIFICATION NUMBER | |
| Classification number | 892.78,GIB |
| 100 ## - MAIN ENTRY--PERSONAL NAME | |
| Personal name | Gibran, Kahlil, |
| 9 (RLIN) | 10190 |
| 245 ## - TITLE STATEMENT | |
| Title | Spirits rebellious : |
| Remainder of title | Translanted from the Arabic / |
| Statement of responsibility, etc. | Kahlil Gibran |
| 250 ## - EDITION STATEMENT | |
| Edition statement | 1st American ed.] |
| 260 ## - PUBLICATION, DISTRIBUTION, ETC. | |
| Place of publication, distribution, etc. | A. A. Knopf, |
| Name of publisher, distributor, etc. | New York |
| Date of publication, distribution, etc. | 1948 |
| 300 ## - PHYSICAL DESCRIPTION | |
| Extent | ix, 139 p.; |
| Other physical details | illus |
| Dimensions | 22 cm |
| 505 ## - FORMATTED CONTENTS NOTE | |
| Formatted contents note | Madame Rose Hanie (Page-1), The Cry of The Graves (Page-29), Khalil The Heretic (Page-47). |
| 600 ## - SUBJECT ADDED ENTRY--PERSONAL NAME | |
| Personal name | Gibran, Kahlil, |
| 9 (RLIN) | 10190 |
| 650 ## - SUBJECT ADDED ENTRY--TOPICAL TERM | |
| Topical term or geographic name entry element | Spirits rebellious; tr. from the Arabic, and with an introd |
| 9 (RLIN) | 107603 |
| 942 ## - ADDED ENTRY ELEMENTS (KOHA) | |
| Source of classification or shelving scheme | |
| Koha item type | Book |
| Withdrawn status | Lost status | Source of classification or shelving scheme | Damaged status | Not for loan | Collection code | Permanent Location | Current Location | Date acquired | Total Checkouts | Full call number | Barcode | Date last seen | Price effective from | Koha item type | Shelving location | Checked out | Date last checked out | Public note |
|---|---|---|---|---|---|---|---|---|---|---|---|---|---|---|---|---|---|---|
| Military College of Signals (MCS) | Military College of Signals (MCS) | 12/12/2016 | 892.78 GIB | MCS3637 | 12/08/2016 | 12/12/2016 | Book | |||||||||||
| Military College of Signals (MCS) | Military College of Signals (MCS) | 12/12/2016 | 5 | 892.78,GIB | MCS36504 | 07/16/2025 | 12/12/2016 | Book | General Stacks | 11/13/2025 | 07/16/2025 | Almirah No.58, Shelf No.2 |
